000 00487nam a2200181Ia 4500
005 20250423094258.0
008 250422s9999 xx 000 0 und d
020 _a9781032403083
050 _aTJ 211.415 .V36/
100 _aVan Toan, Nguyen
245 2 _aA robotic framework for the mobile manipulator
260 _aBoca Raton
260 _bCRC Press
260 _c2023
300 _a105 p
650 _aAutonomous robots. Mobile robots. Manipulators (Mechanism)
942 _cBK
999 _c26785
_d26785